| 000 | 00813nam a2200277Ia 4500 | ||
|---|---|---|---|
| 999 |
_c28666 _d28666 |
||
| 003 | GCL | ||
| 005 | 20240530101919.0 | ||
| 008 | 140319s9999 xx 000 0 ara d | ||
| 040 |
_aGCL / _cGCL |
||
| 082 | 0 | 4 |
_a153.7 _bج ت |
| 100 | 1 | _aجرين، جوديث | |
| 245 | 1 | 0 |
_aالتفكير واللغة / _cجرين، جوديث |
| 260 |
_a[S.N] : _bالهيئة المصرية العامة للكتاب ، _c1992 |
||
| 300 | _a231 ص | ||
| 650 | 0 | 4 | _aعلم النفس |
| 650 | 0 | 4 | _aاللغة العربية |
| 650 | 0 | 4 | _aعلم النفس التربوى |
| 650 | 0 | 4 | _aالتعلم |
| 650 | 0 | 4 | _aالتفكير |
| 650 | 0 | 4 | _aالذكاء |
| 650 | 0 | 4 | _aالادراك |
| 650 | 0 | 4 | _aالعقل |
| 650 | 0 | 4 | _aالقدرة العقلية |
| 700 | 1 | _aعبدالرحيم جبر | |
| 942 |
_2ddc _cBK |
||